[Event "RUS-chT U20"]
[Site "Kolomna"]
[Date "2014.08.04"]
[Round "3"]
[White "Savenkov, Konstantin"]
[Black "Zasko, Grigory"]
[Result "1-0"]
[WhiteElo "2212"]
[BlackElo "2159"]
[PlyCount "75"]
[EventDate "2014.08.02"]
[EventType "swiss"]
[EventRounds "9"]
[EventCountry "RUS"]
[SourceTitle "EXT 2016"]
[Source "ChessBase"]
[SourceDate "2015.10.08"]
[SourceVersion "1"]
[SourceVersionDate "2015.10.08"]
[SourceQuality "1"]

1. e4 e5 2. Nf3 Nc6 3. Bc4 g6 4. d4 exd4 5. c3 d3 6. 0-0 Bg7 7. Qb3 Qe7 8. Bg5 Nf6 9. e5 Nxe5 10. Nxe5 Qxe5 11. Bxf7+ Kf8 12. Bh4 Ng4 13. Bg3 Qf5 14. Bc4 d6 15. Na3 a6 16. Rad1 b5 17. Bxd3 Qf7 18. Qb4 Be6 19. Nc2 Ne5 20. Bxe5 Bxe5 21. f4 Bf6 22. f5 Bd5 23. fxg6 hxg6 24. Rxf6 Qxf6 25. Rf1 Qxf1+ 26. Kxf1 Re8 27. Ne3 Bf7 28. Ng4 Re6 29. h3 Ke7 30. Qa5 Be8 31. Qxc7+ Bd7 32. Qb7 Rf8+ 33. Kg1 Rf7 34. Be4 Ke8 35. Bd5 Re1+ 36. Kh2 Rff1 37. Qb8+ Ke7 38. Qc7 1-0

[Event "Pobeskydy op"]
[Site "Frydek Mistek"]
[Date "2013.04.01"]
[Round "9"]
[White "Ulrych, Wojciech"]
[Black "Zasko, Grigory"]
[Result "0-1"]
[WhiteElo "2004"]
[BlackElo "2149"]
[PlyCount "56"]
[EventDate "2013.03.28"]
[EventType "swiss"]
[EventRounds "9"]
[EventCountry "CZE"]
[SourceTitle "CBM 153 Extra"]
[Source "ChessBase"]
[SourceDate "2013.04.22"]
[SourceVersion "1"]
[SourceVersionDate "2013.04.22"]
[SourceQuality "1"]

1. e4 e5 2. Nf3 Nc6 3. Bc4 Nf6 4. Qe2 Be7 5. Nc3 d6 6. h3 0-0 7. 0-0 Na5 8. d4 exd4 9. Nxd4 Nxc4 10. Qxc4 Nxe4 11. Nxe4 d5 12. Qe2 dxe4 13. Rd1 Qd5 14. c4 Qe5 15. f4 Qf6 16. Qxe4 Bc5 17. Qd5 Qb6 18. Kh2 Bg4 19. b4 Bxd1 20. bxc5 Qf6 21. Be3 Rad8 22. Qg5 Qxg5 23. fxg5 Rfe8 24. Bf2 Ba4 25. Rb1 b6 26. Rf1 bxc5 27. Nf5 Re5 28. Be1 Rd1 0-1

[Event "Pobeskydy op"]
[Site "Frydek Mistek"]
[Date "2013.03.30"]
[Round "5"]
[White "Miculka, Petr"]
[Black "Zasko, Grigory"]
[Result "0-1"]
[WhiteElo "2040"]
[BlackElo "2149"]
[PlyCount "98"]
[EventDate "2013.03.28"]
[EventType "swiss"]
[EventRounds "9"]
[EventCountry "CZE"]
[SourceTitle "CBM 153 Extra"]
[Source "ChessBase"]
[SourceDate "2013.04.22"]
[SourceVersion "1"]
[SourceVersionDate "2013.04.22"]
[SourceQuality "1"]

1. e4 e5 2. Nf3 Nc6 3. Bb5 f5 4. d3 fxe4 5. dxe4 Nf6 6. Bg5 Bb4+ 7. c3 Bc5 8. Bc4 Bxf2+ 9. Ke2 Bb6 10. Rf1 d6 11. h3 Qe7 12. Nh4 Be6 13. Qa4 0-0 14. Nf5 Qf7 15. Nd2 Bxc4+ 16. Qxc4 Qxc4+ 17. Nxc4 Nxe4 18. Bh4 Bc5 19. Kd3 Nf6 20. b4 Bb6 21. a4 a6 22. Kc2 Nd5 23. Rad1 Ncxb4+ 24. Kb3 Bc5 25. cxb4 Nxb4 26. Be7 Rxf5 27. Rxf5 Nc6 28. Rxe5 Nxe5 29. Nxe5 Re8 30. Bxd6 Bxd6 31. Nc4 Bf4 32. Rd7 b5 33. axb5 axb5 34. Na5 Re3+ 35. Kb4 Rg3 36. Rd4 Bd6+ 37. Kxb5 Rg5+ 38. Ka6 Rxg2 39. Kb7 Rg3 40. h4 h5 41. Rd5 g6 42. Nc6 Rg4 43. Kc8 Rxh4 44. Kd7 Re4 45. Nd8 Re7+ 46. Kc6 Kg7 47. Nb7 h4 48. Nxd6 cxd6 49. Kxd6 Re1 0-1

[Event "Pobeskydy op"]
[Site "Frydek Mistek"]
[Date "2013.03.29"]
[Round "3"]
[White "Richterova, Natasa"]
[Black "Zasko, Grigory"]
[Result "0-1"]
[WhiteElo "1952"]
[BlackElo "2149"]
[PlyCount "76"]
[EventDate "2013.03.28"]
[EventType "swiss"]
[EventRounds "9"]
[EventCountry "CZE"]
[SourceTitle "CBM 153 Extra"]
[Source "ChessBase"]
[SourceDate "2013.04.22"]
[SourceVersion "1"]
[SourceVersionDate "2013.04.22"]
[SourceQuality "1"]

1. e4 g6 2. d4 Bg7 3. c3 d6 4. Be3 Nf6 5. f3 Nbd7 6. Bc4 d5 7. exd5 Nb6 8. Bb5+ Bd7 9. Bxd7+ Qxd7 10. Nh3 Nc4 11. Qe2 Nxe3 12. Qxe3 Nxd5 13. Qe2 0-0 14. 0-0 b5 15. Kh1 b4 16. Rd1 Rab8 17. Qd3 bxc3 18. bxc3 Rb2 19. Na3 Qa4 20. Nc4 Rxa2 21. Rxa2 Qxa2 22. Ne3 Nxe3 23. Qxe3 e6 24. Nf2 Rb8 25. Nd3 Rb1 26. Rc1 Qc2 27. Rxb1 Qxb1+ 28. Ne1 a5 29. h3 a4 30. Qe4 Qxe4 31. fxe4 a3 32. Nc2 a2 33. Kg1 c5 34. Kf1 cxd4 35. Ke2 Bh6 36. cxd4 Bc1 37. d5 exd5 38. exd5 Bb2 0-1

[Event "Pobeskydy op"]
[Site "Frydek Mistek"]
[Date "2013.03.28"]
[Round "1"]
[White "Plat, Vojtech"]
[Black "Zasko, Grigory"]
[Result "1-0"]
[WhiteElo "2452"]
[BlackElo "2149"]
[PlyCount "113"]
[EventDate "2013.03.28"]
[EventType "swiss"]
[EventRounds "9"]
[EventCountry "CZE"]
[SourceTitle "CBM 153 Extra"]
[Source "ChessBase"]
[SourceDate "2013.04.22"]
[SourceVersion "1"]
[SourceVersionDate "2013.04.22"]
[SourceQuality "1"]

1. d4 d5 2. Nf3 Nf6 3. c4 c6 4. Nc3 dxc4 5. a4 Bf5 6. Ne5 Nbd7 7. Nxc4 Qc7 8. f3 e5 9. g3 Be6 10. e4 Bxc4 11. Bxc4 exd4 12. Qxd4 Bc5 13. Qd1 0-0-0 14. Qe2 Ne5 15. Bf4 Rhe8 16. Rd1 Rxd1+ 17. Kxd1 Qa5 18. Bxe5 Rxe5 19. f4 Re7 20. e5 Rd7+ 21. Kc2 Nd5 22. Bxd5 cxd5 23. Qb5 Qc7 24. Rd1 Qc6 25. b4 Qxb5 26. axb5 Bxb4 27. Nxd5 Bc5 28. f5 Rd8 29. Kb3 Re8 30. Kc4 Bb6 31. Re1 Kd7 32. Kd3 Bc7 33. Kd4 Bb6+ 34. Nxb6+ axb6 35. Ra1 Kc7 36. Rc1+ Kd7 37. Kd5 Rd8 38. e6+ fxe6+ 39. fxe6+ Ke7+ 40. Ke5 Rd2 41. Rc7+ Kf8 42. Rf7+ Ke8 43. Rxb7 Re2+ 44. Kd6 Rd2+ 45. Kc6 Re2 46. Rxg7 Rxe6+ 47. Kb7 h6 48. Rc7 Re2 49. h4 Re3 50. Rc6 Rxg3 51. Rxh6 Kf7 52. Kxb6 Kg7 53. Rc6 Rb3 54. Ka6 Ra3+ 55. Kb7 Rh3 56. b6 Rxh4 57. Kc7 1-0